Obviously - McFly (All Lyrics) - Statistics

General Stats
  • This quiz has been taken 17 times
  • The average score is 254 of 290
Answer Stats
Answer % Correct
a
100%
And
100%
be
100%
He
100%
her
100%
her)
100%
I
100%
league
100%
me
100%
me)
100%
me,
100%
my
100%
obviously
100%
of
100%
Out
100%
out
100%
She
100%
she
100%
She's
100%
this
100%
will
100%
can
90%
enough
90%
(Enough,
90%
enough,
90%
for
90%
For
90%
girl
90%
Go
90%
good
90%
good)
90%
Good
90%
in
90%
know
90%
never
90%
No,
90%
no
90%
oh
90%
the
90%
to
90%
world
90%
23
80%
boyfriend
80%
can't
80%
'Cause
80%
('Cause
80%
got
80%
He'd
80%
he's
80%
He's
80%
I'm
80%
kill
80%
marines
80%
mine
80%
not
80%
on
80%
she'll
80%
so
80%
time
80%
where
80%
Who's
80%
about
70%
been
70%
bend
70%
But
70%
drives
70%
how
70%
I'll
70%
it
70%
I've
70%
many
70%
nights
70%
now
70%
now,
70%
Off
70%
place
70%
stand
70%
stay
70%
that's
70%
two
70%
wasting
70%
win
70%
yeah
70%
Believe
60%
dragging
60%
escape
60%
find
60%
Get
60%
gotta
60%
Hopelessly
60%
keeps
60%
L.A
60%
myself
60%
plane
60%
reaching
60%
Recently
60%
round
60%
thinking
60%
years
60%
behind
50%
outta
50%
put
50%
(Put
50%
hands
40%
No matching quizzes found
Score Distribution
Percent of People with Each Score
Percentile by Number Answered
Your Score History
You have not taken this quiz